| 000 | 00749nam a2200205 i 4500 | ||
|---|---|---|---|
| 001 | 169060 | ||
| 003 | ES-MaACL | ||
| 005 | 20230906213959.0 | ||
| 008 | 080805s2001 sp |||| | spa d | ||
| 020 | _a84-8489-026-0 | ||
| 080 | _a821.134.2 Pérez Galdós, Benito 7 Episodios Nacionales.07 | ||
| 100 | 1 |
_aBehiels, Lieve. _9138148 |
|
| 245 | 1 | 3 |
_aLa cuarta serie de los "Episodios Nacionales" de Benito Pérez Galdós _b: una aproximación temática y narratológica / _cLieve Behiels. |
| 260 |
_aMadrid : _bIberoamericana, _c2001. |
||
| 300 |
_a320 p. ; _c23 cm. |
||
| 504 | _aBibliografía. | ||
| 600 | 1 | 7 |
_aPérez Galdós, Benito, _d1843-1920. _tEpisodios nacionales _2 _9138149 |
| 852 |
_aES-MaACL _jL-29525 |
||
| 999 |
_c169060 _d169060 |
||